00726nam a22002537a 4500003000500000005001700005008004100022010000900063011000900072035000900081040000900090082001700099100002100116245007900137260004900216300001100265490003800276500001100314650002900325650002400354650002900378650002700407830003800434CHAP20220817041055.0971013s1991 enk r 00010 eng d a5856 a6828 a6051 cCHAP04a631.522bM8700aMurray, David R.10aAdvanced methods in plant breeding and biotechnologyc/por David R. Murray aOxon, England :bC.A.B. International,c1991 a363 p. 0aBiotechnology in agriculturev; 4 a59-24814aBiotecnología vegetal.14aGenética vegetal.14aIngeniería genética.14aPlantasxMejoramiento.0 aBiotechnology in agriculturev; 4